Counties of the US That Start With A - Statistics

General Stats
  • This quiz has been taken 41 times
  • The average score is 27 of 84
Answer Stats
State That the County is In County Name % Correct
Idaho Ada
88%
Colorado, Idaho, Illinois, Indiana, Iowa, Mississippi, Nebraska, North Dakota, Ohio, Pennsylvania, Washington, Wisconsin Adams
84%
Indiana, Kansas, Kentucky, Louisiana, Ohio Allen
80%
Kansas, Kentucky, South Carolina, Tennessee, Texas Anderson
76%
Virginia Arlington
76%
Texas Austin
72%
New York, Wyoming Albany
68%
Virginia Alexandria
68%
Alaska Anchorage
68%
Arkansas Arkansas
68%
California Alameda
60%
Virginia Augusta
60%
Missouri Andrew
56%
Texas Andrews
52%
Illinois, North Carolina Alexander
48%
North Carolina Ashe
48%
New Jersey Atlantic
48%
South Dakota Aurora
48%
South Carolina Aiken
44%
California Alpine
44%
Maryland Anne Arundel
44%
Pennsylvania, Texas Armstrong
44%
Nebraska Arthur
44%
Iowa, Kentucky, Missouri, Oklahoma Adair
40%
California Amador
40%
Wisonsin Ashland
40%
Arkansas Ashley
40%
Pennsylvania Allegheny
36%
Colorado Arapahoe
36%
Ohio Athens
36%
Vermont Addison
32%
Michigan Allegan
32%
Maine Aroostook
32%
Kansas, Missouri Atchison
32%
Ohio Auglaize
32%
Florida Alachua
28%
New York, North Carolina Alleghany
28%
South Carolina Allendale
28%
Michigan Alpena
28%
Arizona Apache
28%
Georgia Appling
28%
Georgia Atkinson
28%
North Carolina Avery
28%
South Carolina Abbeville
24%
Alaska Aleutians East
24%
Alaska Aleutians West
24%
Virginia Amelia
24%
Michigan Antrim
24%
Ohio Ashtabula
24%
Louisiana Acadia
20%
Minnesota Aitkin
20%
Colorado Alamosa
20%
Virginia Albemarle
20%
Michigan Alcona
20%
Mississippi Alcorn
20%
Michigan Alger
20%
Maryland Allegany
20%
Virginia Amherst
20%
North Carolina Anson
20%
Virginia Appomattox
20%
Louisiana Assumption
20%
Oklahoma Atoka
20%
Mississippi Attala
20%
Mississippi Amite
16%
Maine Androscoggin
16%
Texas Angelina
16%
Texas Aransas
16%
Texas Archer
16%
Colorado Archuleta
16%
Michigan Arenac
16%
Louisiana Ascension
16%
Iowa Audubon
16%
Louisiana Avoyelles
16%
Virginia Accomack
12%
North Carolina Alamance
12%
Iowa Allamakee
12%
Minnesota Anoka
12%
Nebraska Antelope
12%
Iowa Appanoose
12%
Washington Asotin
12%
Missouri Audrain
12%
Oklahoma Alfalfa
8%
Texas Atascosa
8%
Alabama Autauga
8%
No matching quizzes found
Score Distribution
Percent of People with Each Score
Percentile by Number Answered
Your Score History
You have not taken this quiz